| 000 | 00860nam a22002537a 4500 | ||
|---|---|---|---|
| 005 | 20170123162322.0 | ||
| 010 | _aA-773215 | ||
| 020 | _c55.00 | ||
| 035 | _aA-773215 | ||
| 037 | _bCen Lib/Ret | ||
| 040 |
_aDPL _bUR |
||
| 082 |
_a844 _bج ل ی |
||
| 100 |
_aخلیق احمد نظامی _9534 |
||
| 245 |
_aعلیگڑھ کی علم خدمات / _cخلیق احمد نظامی |
||
| 246 |
_aAligarh ke ilmi khidmat / _bby Khaliq Ahmad Nizami |
||
| 260 |
_aنیی دہلی _bعجمان ترقی اردو _c1994 |
||
| 270 |
_bنیی دہلی _aاردو گھر ٢١٢ روس ایونیو _e110002 |
||
| 300 |
_a149p. _c20cm(Hb) |
||
| 650 |
_aاردو ادب _9117543 |
||
| 650 |
_aاردو زبان _9547 |
||
| 650 |
_aUrdu literature _9117544 |
||
| 650 |
_aUrdu language _9117545 |
||
| 942 |
_2ddc _cUR _h844 _mج ل ی |
||
| 999 |
_c107152 _d107152 |
||